[Event "2023 Welsh Championship"]
[Site "Cardiff"]
[Date "2023.04.10"]
[Round "7"]
[Board "1"]
[White "Morris, Charles F"]
[Black "Kozusek, Daniel"]
[Result "0-1"]
[WhiteElo "2081"]
[BlackElo "2331"]
[PlyCount "0"]
[EventDate "2023.04.07"]
[EventRounds "7"]
[EventCountry "WLS"]

1. c4 {[%clk 01:30:54]} {[%emt 00:00:02]} e6 {[%clk 01:09:33]} {[%emt
00:21:34]} 2. g3 {[%clk 01:29:57]} {[%emt 00:01:26]} d5 {[%clk 01:09:59]}
{[%emt 00:00:05]} 3. Bg2 {[%clk 01:30:22]} {[%emt 00:00:04]} dxc4 {[%clk
01:10:25]} {[%emt 00:00:05]} 4. Na3 {[%clk 01:30:01]} {[%emt 00:00:51]} Bxa3
{[%clk 01:09:50]} {[%emt 00:01:05]} 5. bxa3 {[%clk 01:30:26]} {[%emt 00:00:04]}
Nd7 {[%clk 01:09:45]} {[%emt 00:00:35]} 6. Bb2 {[%clk 01:29:17]} {[%emt
00:01:40]} Ngf6 {[%clk 01:09:38]} {[%emt 00:00:37]} 7. Rc1 {[%clk 01:27:17]}
{[%emt 00:02:29]} Nb6 {[%clk 01:09:08]} {[%emt 00:01:01]} 8. Nf3 {[%clk
01:27:16]} {[%emt 00:00:31]} Bd7 {[%clk 01:09:14]} {[%emt 00:00:24]} 9. O-O
{[%clk 01:26:34]} {[%emt 00:01:12]} Ba4 {[%clk 01:09:07]} {[%emt 00:00:37]} 10.
Qe1 {[%clk 01:26:57]} {[%emt 00:00:06]} Bc6 {[%clk 01:09:35]} {[%emt 00:00:03]}
11. d3 {[%clk 01:25:59]} {[%emt 00:01:27]} cxd3 {[%clk 01:08:12]} {[%emt
00:01:54]} 12. Rxc6 {[%clk 01:26:23]} {[%emt 00:00:06]} bxc6 {[%clk 01:08:09]}
{[%emt 00:00:33]} 13. Ne5 {[%clk 01:25:01]} {[%emt 00:01:51]} O-O {[%clk
01:07:43]} {[%emt 00:00:56]} 14. Nxd3 {[%clk 01:23:52]} {[%emt 00:01:40]} Nfd5
{[%clk 01:04:28]} {[%emt 00:03:45]} 15. Qc1 {[%clk 01:18:02]} {[%emt 00:06:19]}
Qd6 {[%clk 01:00:03]} {[%emt 00:04:56]} 16. Be5 {[%clk 01:16:01]} {[%emt
00:02:31]} Qe7 {[%clk 00:59:46]} {[%emt 00:00:46]} 17. e4 {[%clk 01:15:58]}
{[%emt 00:00:34]} Nf6 {[%clk 00:59:28]} {[%emt 00:00:48]} 18. Nb4 {[%clk
01:15:55]} {[%emt 00:00:32]} c5 {[%clk 00:49:30]} {[%emt 00:10:29]} 19. Nc6
{[%clk 01:16:12]} {[%emt 00:00:13]} Qe8 {[%clk 00:49:12]} {[%emt 00:00:48]} 20.
Qxc5 {[%clk 01:16:31]} {[%emt 00:00:11]} Nbd7 {[%clk 00:48:09]} {[%emt
00:01:32]} 21. Qc3 {[%clk 01:16:35]} {[%emt 00:00:25]} Nxe5 {[%clk 00:48:15]}
{[%emt 00:00:26]} 22. Nxe5 {[%clk 01:17:01]} {[%emt 00:00:04]} c5 {[%clk
00:46:18]} {[%emt 00:02:27]} 23. Qxc5 {[%clk 01:16:32]} {[%emt 00:00:59]} Nd7
{[%clk 00:45:39]} {[%emt 00:01:08]} 24. Nxd7 {[%clk 01:11:28]} {[%emt
00:05:35]} Qxd7 {[%clk 00:46:05]} {[%emt 00:00:04]} 25. e5 {[%clk 01:11:52]}
{[%emt 00:00:05]} Rac8 {[%clk 00:46:23]} {[%emt 00:00:12]} 26. Qe3 {[%clk
01:11:53]} {[%emt 00:00:29]} Rfd8 {[%clk 00:45:50]} {[%emt 00:01:04]} 27. Be4
{[%clk 01:11:29]} {[%emt 00:00:54]} Qd4 {[%clk 00:45:07]} {[%emt 00:01:12]}  0-1

[Event "2023 Welsh Championship"]
[Site "Cardiff"]
[Date "2023.04.10"]
[Round "7"]
[Board "2"]
[White "Kett, Tim"]
[Black "Toczek, Grzegorz"]
[Result "0-1"]
[WhiteElo "2090"]
[BlackElo "2260"]
[PlyCount "0"]
[EventDate "2023.04.07"]
[EventRounds "7"]
[EventCountry "WLS"]

1. d4 {[%clk 01:30:55]} {[%emt 00:00:03]} d5 {[%clk 01:27:24]} {[%emt
00:03:37]} 2. Nc3 {[%clk 01:28:45]} {[%emt 00:02:40]} c6 {[%clk 01:27:06]}
{[%emt 00:00:49]} 3. e4 {[%clk 01:28:51]} {[%emt 00:00:23]} dxe4 {[%clk
01:27:32]} {[%emt 00:00:05]} 4. Nxe4 {[%clk 01:29:17]} {[%emt 00:00:04]} Nf6
{[%clk 01:27:59]} {[%emt 00:00:04]} 5. Nxf6+ {[%clk 01:29:36]} {[%emt
00:00:11]} exf6 {[%clk 01:28:24]} {[%emt 00:00:05]} 6. Nf3 {[%clk 01:25:59]}
{[%emt 00:04:06]} Bd6 {[%clk 01:27:11]} {[%emt 00:01:44]} 7. Be2 {[%clk
01:14:28]} {[%emt 00:12:00]} O-O {[%clk 01:24:51]} {[%emt 00:02:52]} 8. O-O
{[%clk 01:14:52]} {[%emt 00:00:05]} Nd7 {[%clk 01:25:06]} {[%emt 00:00:15]} 9.
Be3 {[%clk 01:12:59]} {[%emt 00:02:22]} Qc7 {[%clk 01:15:03]} {[%emt 00:10:35]}
10. c4 {[%clk 01:10:20]} {[%emt 00:03:08]} Re8 {[%clk 01:13:31]} {[%emt
00:02:02]} 11. Qc2 {[%clk 01:02:16]} {[%emt 00:08:33]} Nf8 {[%clk 01:10:46]}
{[%emt 00:03:16]} 12. Rad1 {[%clk 01:02:10]} {[%emt 00:00:35]} Bg4 {[%clk
01:06:34]} {[%emt 00:04:42]} 13. h3 {[%clk 00:53:15]} {[%emt 00:09:25]} Bh5
{[%clk 01:06:49]} {[%emt 00:00:16]} 14. Nh4 {[%clk 00:52:53]} {[%emt 00:00:51]}
Bxe2 {[%clk 01:03:48]} {[%emt 00:03:32]} 15. Qxe2 {[%clk 00:53:16]} {[%emt
00:00:06]} Qa5 {[%clk 01:01:07]} {[%emt 00:03:11]} 16. Qg4 {[%clk 00:49:30]}
{[%emt 00:04:15]} g6 {[%clk 01:00:39]} {[%emt 00:00:59]} 17. c5 {[%clk
00:47:25]} {[%emt 00:02:35]} Bb8 {[%clk 00:58:15]} {[%emt 00:02:56]} 18. a3
{[%clk 00:34:36]} {[%emt 00:13:18]} Qc7 {[%clk 00:57:45]} {[%emt 00:00:59]} 19.
g3 {[%clk 00:34:33]} {[%emt 00:00:34]} Ne6 {[%clk 00:48:26]} {[%emt 00:09:50]}
20. d5 {[%clk 00:33:43]} {[%emt 00:01:19]} cxd5 {[%clk 00:48:52]} {[%emt
00:00:04]} 21. Rxd5 {[%clk 00:34:02]} {[%emt 00:00:11]} Qc6 {[%clk 00:48:34]}
{[%emt 00:00:49]} 22. Rfd1 {[%clk 00:33:58]} {[%emt 00:00:33]} Be5 {[%clk
00:48:10]} {[%emt 00:00:54]} 23. b4 {[%clk 00:29:10]} {[%emt 00:05:18]} Rad8
{[%clk 00:42:49]} {[%emt 00:05:51]} 24. Rxd8 {[%clk 00:28:12]} {[%emt
00:01:29]} Rxd8 {[%clk 00:43:12]} {[%emt 00:00:08]} 25. Rxd8+ {[%clk 00:28:36]}
{[%emt 00:00:06]} Nxd8 {[%clk 00:43:38]} {[%emt 00:00:03]} 26. Qd1 {[%clk
00:23:50]} {[%emt 00:05:14]} Ne6 {[%clk 00:43:39]} {[%emt 00:00:30]} 27. a4
{[%clk 00:23:46]} {[%emt 00:00:34]} Qe4 {[%clk 00:43:35]} {[%emt 00:00:34]} 28.
Qd2 {[%clk 00:18:04]} {[%emt 00:06:11]} Bd4 {[%clk 00:39:50]} {[%emt 00:04:16]}
29. Ng2 {[%clk 00:04:47]} {[%emt 00:13:45]} Bxe3 {[%clk 00:39:48]} {[%emt
00:00:34]} 30. Nxe3 {[%clk 00:03:17]} {[%emt 00:01:59]} Nd4 {[%clk 00:39:55]}
{[%emt 00:00:25]} 31. Qd1 {[%clk 00:03:27]} {[%emt 00:00:19]} h5 {[%clk
00:35:58]} {[%emt 00:04:27]} 32. b5 {[%clk 00:02:31]} {[%emt 00:01:26]} Kg7
{[%clk 00:34:36]} {[%emt 00:01:52]} 33. Ng2 {[%clk 00:01:25]} {[%emt 00:01:35]}
Nf3+ {[%clk 00:34:02]} {[%emt 00:01:04]} 34. Kf1 {[%clk 00:01:03]} {[%emt
00:00:52]} Qc4+ {[%clk 00:22:29]} {[%emt 00:12:03]} 35. Qe2 {[%clk 00:01:30]}
{[%emt 00:00:04]} Nd2+ {[%clk 00:22:27]} {[%emt 00:00:32]} 36. Ke1 {[%clk
00:01:52]} {[%emt 00:00:08]} Qc1+ {[%clk 00:22:48]} {[%emt 00:00:08]} 37. Qd1
{[%clk 00:02:16]} {[%emt 00:00:06]} Nf3+ {[%clk 00:23:12]} {[%emt 00:00:06]} 38.
Ke2 {[%clk 00:02:37]} {[%emt 00:00:09]} Ng1+ {[%clk 00:23:22]} {[%emt
00:00:20]} 39. Ke1 {[%clk 00:02:56]} {[%emt 00:00:11]} Qc3+ {[%clk 00:23:22]}
{[%emt 00:00:30]} 40. Kf1 {[%clk 00:03:07]} {[%emt 00:00:19]} Nxh3 {[%clk
00:23:43]} {[%emt 00:00:10]} 41. Qd7 {[%clk 00:25:20]} {[%emt 00:08:17]} Qc4+
{[%clk 00:53:29]} {[%emt 00:00:44]} 42. Ke1 {[%clk 00:25:40]} {[%emt 00:00:10]}
Qc1+ {[%clk 00:53:43]} {[%emt 00:00:14]} 43. Qd1 {[%clk 00:24:07]} {[%emt
00:02:06]} Qxc5 {[%clk 00:53:55]} {[%emt 00:00:18]} 44. Ne3 {[%clk 00:23:36]}
{[%emt 00:01:00]} Ng5 {[%clk 00:50:43]} {[%emt 00:03:43]} 45. Qd7 {[%clk
00:23:01]} {[%emt 00:01:05]} Ne4 {[%clk 00:44:38]} {[%emt 00:06:34]} 46. Qxb7
{[%clk 00:21:58]} {[%emt 00:01:34]} Qc1+ {[%clk 00:45:02]} {[%emt 00:00:06]} 47.
Ke2 {[%clk 00:21:28]} {[%emt 00:01:00]} Qd2+ {[%clk 00:45:27]} {[%emt
00:00:04]} 48. Kf3 {[%clk 00:21:54]} {[%emt 00:00:05]} f5 {[%emt 00:01:40]} 49.
Nxf5+ {[%emt 00:00:01]} gxf5 50. Qxa7 Ng5+ {[%emt 00:00:14]} 51. Kg2 {[%emt
00:00:03]} Qd5+ {[%emt 00:00:01]} 52. Kf1 {[%emt 00:00:16]} Qd1+ {[%emt
00:00:12]} 53. Kg2 Qf3+ 54. Kf1 {[%emt 00:00:04]} Ne4 {[%emt 00:00:07]} 55.
Qd4+ {[%emt 00:00:05]} Kg6 {[%emt 00:00:07]} 56. Kg1 {[%emt 00:00:10]} f4
{[%emt 00:00:38]} 57. b6 {[%emt 00:00:06]} fxg3 {[%emt 00:00:09]} 58. fxg3
{[%emt 00:00:03]} Nxg3 {[%emt 00:00:01]} 59. Qd6+ {[%emt 00:00:11]} f6 {[%emt
00:00:02]}  0-1

[Event "2023 Welsh Championship"]
[Site "Cardiff"]
[Date "2023.04.10"]
[Round "7"]
[Board "3"]
[White "Blackburn, Jonathan L B"]
[Black "Musson, Adam J"]
[Result "1-0"]
[WhiteElo "2162"]
[BlackElo "2002"]
[PlyCount "0"]
[EventDate "2023.04.07"]
[EventRounds "7"]
[EventCountry "WLS"]

1. d4 {[%clk 01:30:57]} {[%emt 00:00:01]} Nf6 {[%clk 01:30:52]} {[%emt
00:00:08]} 2. c4 {[%clk 01:31:25]} {[%emt 00:00:03]} e6 {[%clk 01:31:11]}
{[%emt 00:00:11]} 3. Nc3 {[%clk 01:30:25]} {[%emt 00:01:30]} Bb4 {[%clk
01:31:20]} {[%emt 00:00:21]} 4. e3 {[%clk 01:30:51]} {[%emt 00:00:04]} O-O
{[%clk 01:31:29]} {[%emt 00:00:20]} 5. Bd2 {[%clk 01:26:23]} {[%emt 00:04:59]}
d5 {[%clk 01:30:30]} {[%emt 00:01:29]} 6. a3 {[%clk 01:24:51]} {[%emt
00:02:03]} Be7 {[%clk 01:29:34]} {[%emt 00:01:25]} 7. Nf3 {[%clk 01:23:10]}
{[%emt 00:02:12]} c5 {[%clk 01:23:54]} {[%emt 00:06:10]} 8. dxc5 {[%clk
01:21:30]} {[%emt 00:02:10]} Bxc5 {[%clk 01:20:20]} {[%emt 00:04:04]} 9. b4
{[%clk 01:20:17]} {[%emt 00:01:44]} Be7 {[%clk 01:19:58]} {[%emt 00:00:52]} 10.
Bd3 {[%clk 01:09:54]} {[%emt 00:10:52]} dxc4 {[%clk 01:16:48]} {[%emt
00:03:41]} 11. Bxc4 {[%clk 01:10:19]} {[%emt 00:00:05]} b6 {[%clk 01:17:04]}
{[%emt 00:00:14]} 12. O-O {[%clk 00:57:06]} {[%emt 00:13:43]} Bb7 {[%clk
01:16:18]} {[%emt 00:01:15]} 13. Qe2 {[%clk 00:54:45]} {[%emt 00:02:51]} Nbd7
{[%clk 01:10:50]} {[%emt 00:05:57]} 14. Rfd1 {[%clk 00:47:19]} {[%emt
00:07:56]} a6 {[%clk 01:06:28]} {[%emt 00:04:52]} 15. e4 {[%clk 00:41:33]}
{[%emt 00:06:16]} Qc7 {[%clk 01:03:05]} {[%emt 00:03:53]} 16. Rac1 {[%clk
00:40:02]} {[%emt 00:02:02]} Ne5 {[%clk 01:00:42]} {[%emt 00:02:53]} 17. Nxe5
{[%clk 00:35:22]} {[%emt 00:05:10]} Qxe5 {[%clk 01:00:58]} {[%emt 00:00:14]} 18.
f4 {[%clk 00:34:58]} {[%emt 00:00:55]} Qb8 {[%clk 00:55:22]} {[%emt 00:06:06]}
19. e5 {[%clk 00:34:37]} {[%emt 00:00:51]} Nd7 {[%clk 00:49:24]} {[%emt
00:06:28]} 20. Be3 {[%clk 00:27:24]} {[%emt 00:07:42]} Rd8 {[%clk 00:49:31]}
{[%emt 00:00:23]} 21. Qf2 {[%clk 00:23:56]} {[%emt 00:03:59]} a5 {[%clk
00:47:08]} {[%emt 00:02:53]} 22. Bb5 {[%clk 00:22:35]} {[%emt 00:01:51]} Nf8
{[%clk 00:31:46]} {[%emt 00:15:52]} 23. Rxd8 {[%clk 00:22:54]} {[%emt
00:00:11]} Bxd8 {[%clk 00:32:02]} {[%emt 00:00:14]} 24. Bxb6 {[%clk 00:22:53]}
{[%emt 00:00:30]} axb4 {[%clk 00:31:47]} {[%emt 00:00:45]} 25. axb4 {[%clk
00:22:57]} {[%emt 00:00:26]} Ng6 {[%clk 00:28:35]} {[%emt 00:03:42]} 26. Bxd8
{[%clk 00:19:39]} {[%emt 00:03:49]} Qxd8 {[%clk 00:28:57]} {[%emt 00:00:08]} 27.
Rd1 {[%clk 00:19:32]} {[%emt 00:00:38]} Qe7 {[%clk 00:27:24]} {[%emt 00:02:03]}
28. Qc5 {[%clk 00:15:37]} {[%emt 00:04:24]} Qxc5+ {[%clk 00:21:06]} {[%emt
00:06:48]} 29. bxc5 {[%clk 00:16:05]} {[%emt 00:00:03]} Rc8 {[%clk 00:21:22]}
{[%emt 00:00:14]} 30. Na4 {[%clk 00:15:53]} {[%emt 00:00:42]} Bd5 {[%clk
00:18:58]} {[%emt 00:02:54]} 31. g3 {[%clk 00:13:34]} {[%emt 00:02:49]} Bb3
{[%clk 00:19:02]} {[%emt 00:00:26]} 32. Nb6 {[%clk 00:12:19]} {[%emt 00:01:45]}
Rf8 {[%clk 00:11:12]} {[%emt 00:08:19]} 33. Rd7 {[%clk 00:10:55]} {[%emt
00:01:53]} Bc2 {[%clk 00:09:24]} {[%emt 00:02:19]} 34. c6 {[%clk 00:10:53]}
{[%emt 00:00:32]} Be4 {[%clk 00:09:29]} {[%emt 00:00:24]} 35. c7 {[%clk
00:10:58]} {[%emt 00:00:25]} Bb7 {[%clk 00:09:26]} {[%emt 00:00:33]} 36. Rd8
{[%clk 00:11:21]} {[%emt 00:00:07]} Ne7 {[%clk 00:09:27]} {[%emt 00:00:29]} 37.
Nd7 {[%clk 00:11:34]} {[%emt 00:00:17]}  1-0

[Event "2023 Welsh Championship"]
[Site "Cardiff"]
[Date "2023.04.10"]
[Round "7"]
[Board "4"]
[White "Van Kemenade, Rudy"]
[Black "Fathallah, Joe"]
[Result "1-0"]
[WhiteElo "1936"]
[BlackElo "1980"]
[PlyCount "0"]
[EventDate "2023.04.07"]
[EventRounds "7"]
[EventCountry "WLS"]

1. e4 {[%clk 01:30:57]} e6 {[%clk 01:30:53]} {[%emt 00:00:09]} 2. d4 {[%clk
01:31:21]} {[%emt 00:00:05]} d5 {[%clk 01:31:17]} {[%emt 00:00:06]} 3. Nc3
{[%clk 01:31:47]} {[%emt 00:00:04]} Nf6 {[%clk 01:31:40]} {[%emt 00:00:08]} 4.
e5 {[%clk 01:32:12]} {[%emt 00:00:05]} Nfd7 {[%clk 01:32:04]} {[%emt 00:00:05]}
5. f4 {[%clk 01:32:37]} {[%emt 00:00:05]} c5 {[%clk 01:32:25]} {[%emt
00:00:10]} 6. dxc5 {[%clk 01:33:00]} {[%emt 00:00:07]} Bxc5 {[%clk 01:31:32]}
{[%emt 00:01:23]} 7. Qg4 {[%clk 01:32:59]} {[%emt 00:00:30]} O-O {[%clk
01:21:17]} {[%emt 00:10:46]} 8. Nf3 {[%clk 01:33:11]} {[%emt 00:00:17]} f5
{[%clk 01:20:18]} {[%emt 00:01:30]} 9. Qh3 {[%clk 01:32:54]} {[%emt 00:00:45]}
Re8 {[%clk 01:01:13]} {[%emt 00:19:37]} 10. Bd3 {[%clk 01:32:55]} {[%emt
00:00:28]} Nf8 {[%clk 01:00:05]} {[%emt 00:01:39]} 11. Bd2 {[%clk 01:32:38]}
{[%emt 00:00:46]} a5 {[%clk 00:57:11]} {[%emt 00:03:25]} 12. g4 {[%clk
01:31:52]} {[%emt 00:01:15]} g6 {[%clk 00:54:55]} {[%emt 00:02:47]} 13. O-O-O
{[%clk 01:31:02]} {[%emt 00:01:19]} Nc6 {[%clk 00:52:07]} {[%emt 00:03:20]} 14.
gxf5 {[%clk 01:30:56]} {[%emt 00:00:36]} exf5 {[%clk 00:50:48]} {[%emt
00:01:50]} 15. Ng5 {[%clk 01:29:55]} {[%emt 00:01:28]} Be6 {[%clk 00:49:44]}
{[%emt 00:01:37]} 16. Qg2 {[%clk 01:29:31]} {[%emt 00:00:49]} Nb4 {[%clk
00:40:14]} {[%emt 00:10:04]} 17. Bb5 {[%clk 01:28:13]} {[%emt 00:01:48]} d4
{[%clk 00:36:31]} {[%emt 00:04:14]} 18. Nxe6 {[%clk 01:28:32]} {[%emt
00:00:09]} Nxe6 {[%clk 00:33:41]} {[%emt 00:03:21]} 19. Na4 {[%clk 01:28:14]}
{[%emt 00:00:47]} Re7 {[%clk 00:32:13]} {[%emt 00:01:59]} 20. Bc4 {[%clk
01:26:45]} {[%emt 00:01:58]} Rc8 {[%clk 00:29:42]} {[%emt 00:03:02]} 21. a3
{[%clk 01:25:26]} {[%emt 00:01:48]} Na6 {[%clk 00:27:26]} {[%emt 00:02:46]} 22.
Bxe6+ {[%clk 01:09:31]} {[%emt 00:16:24]} Rxe6 {[%clk 00:27:34]} {[%emt
00:00:23]} 23. Bc3 {[%clk 01:08:57]} {[%emt 00:01:03]} Ba7 {[%clk 00:19:25]}
{[%emt 00:08:40]} 24. Qxb7 {[%clk 01:08:23]} {[%emt 00:01:03]} Qe8 {[%clk
00:12:23]} {[%emt 00:07:33]} 25. Qxa7 {[%clk 01:07:06]} {[%emt 00:01:46]} dxc3
{[%clk 00:12:37]} {[%emt 00:00:17]} 26. Nxc3 {[%clk 01:07:26]} {[%emt
00:00:09]} Rc7 {[%clk 00:12:29]} {[%emt 00:00:39]} 27. Qd4 {[%clk 01:07:35]}
{[%emt 00:00:19]} Qc6 {[%clk 00:10:42]} {[%emt 00:02:19]} 28. Qd5 {[%clk
01:06:47]} {[%emt 00:01:18]} Nc5 {[%clk 00:10:20]} {[%emt 00:00:52]} 29. Qxc6
{[%clk 01:06:49]} {[%emt 00:00:27]} Rexc6 {[%clk 00:10:19]} {[%emt 00:00:32]}
30. Rd2 {[%clk 01:04:54]} {[%emt 00:02:24]} Ne6 {[%clk 00:10:13]} {[%emt
00:00:37]} 31. Nd5 {[%clk 01:03:42]} {[%emt 00:01:41]} Rb7 {[%clk 00:10:31]}
{[%emt 00:00:13]} 32. Rhd1 {[%clk 01:03:50]} {[%emt 00:00:18]} Kg7 {[%clk
00:09:42]} {[%emt 00:01:22]} 33. b4 {[%clk 01:00:27]} {[%emt 00:03:52]} axb4
{[%clk 00:09:25]} {[%emt 00:00:49]} 34. axb4 {[%clk 00:59:52]} {[%emt
00:01:04]} Rc4 {[%clk 00:08:45]} {[%emt 00:01:11]} 35. c3 {[%clk 01:00:05]}
{[%emt 00:00:15]} h6 {[%clk 00:06:42]} {[%emt 00:02:34]} 36. Rf1 {[%clk
00:59:21]} {[%emt 00:01:09]} Rf7 {[%clk 00:03:29]} {[%emt 00:03:48]} 37. h4
{[%clk 00:58:02]} {[%emt 00:01:46]} g5 {[%clk 00:02:14]} {[%emt 00:01:48]} 38.
hxg5 {[%clk 00:58:26]} {[%emt 00:00:06]} hxg5 {[%clk 00:02:41]} {[%emt
00:00:04]} 39. fxg5 {[%clk 00:58:47]} {[%emt 00:00:08]} f4 {[%clk 00:02:15]}
{[%emt 00:00:56]} 40. g6 {[%clk 00:57:40]} {[%emt 00:01:36]} Rf5 {[%clk
00:02:00]} {[%emt 00:00:46]} 41. Kc2 {[%clk 00:57:24]} {[%emt 00:00:45]} Rxe5
{[%clk 00:30:12]} {[%emt 00:02:19]} 42. Kb3 {[%clk 01:27:10]} {[%emt 00:00:43]}
Rce4 {[%clk 00:29:46]} {[%emt 00:00:57]} 43. c4 {[%clk 01:26:11]} {[%emt
00:01:28]} Kxg6 {[%clk 00:28:43]} {[%emt 00:01:33]} 44. c5 {[%clk 01:24:49]}
{[%emt 00:01:52]} Nd4+ {[%clk 00:28:33]} {[%emt 00:00:40]} 45. Rxd4 {[%clk
01:25:01]} {[%emt 00:00:18]} Rxd4 {[%clk 00:28:55]} {[%emt 00:00:09]} 46. Nxf4+
{[%clk 01:25:17]} {[%emt 00:00:13]} Kg5 {[%clk 00:26:37]} {[%emt 00:02:48]} 47.
c6 {[%clk 01:22:59]} {[%emt 00:02:48]} Re3+ {[%clk 00:13:07]} {[%emt 00:14:00]}
48. Ka4 {[%clk 01:23:13]} {[%emt 00:00:16]} Rc4 {[%clk 00:13:18]} {[%emt
00:00:20]} 49. Kb5 {[%clk 01:23:03]} {[%emt 00:00:39]} Rc2 {[%clk 00:07:37]}
{[%emt 00:06:12]} 50. Kb6 {[%clk 01:22:22]} {[%emt 00:01:10]} Rb3 {[%clk
00:06:31]} {[%emt 00:01:36]} 51. b5 {[%clk 01:21:09]} {[%emt 00:01:43]} Kf5
{[%clk 00:06:08]} {[%emt 00:00:53]} 52. Nd3+ {[%clk 01:19:48]} {[%emt
00:01:50]} Kg5 {[%clk 00:05:40]} {[%emt 00:01:00]} 53. Rc1 {[%clk 01:19:51]}
{[%emt 00:00:25]} Rh2 {[%clk 00:04:04]} {[%emt 00:02:07]} 54. Nc5 {[%clk
01:19:40]} {[%emt 00:00:41]} Rb4 {[%clk 00:03:22]} {[%emt 00:01:13]} 55. c7
{[%clk 01:20:01]} {[%emt 00:00:09]} Rh8 {[%clk 00:02:41]} {[%emt 00:01:11]} 56.
Ne6+ {[%clk 01:20:25]} {[%emt 00:00:06]} Kf6 {[%clk 00:02:57]} {[%emt
00:00:14]} 57. Nd8 {[%clk 01:20:49]} {[%emt 00:00:05]} Rh5 {[%clk 00:02:14]}
{[%emt 00:01:12]} 58. Rc5 {[%clk 01:20:48]} {[%emt 00:00:29]}  1-0

[Event "2023 Welsh Championship"]
[Site "Cardiff"]
[Date "2023.04.10"]
[Round "7"]
[Board "5"]
[White "Fowler, Hugo"]
[Black "Hatchett, Paul"]
[Result "1/2-1/2"]
[WhiteElo "1890"]
[BlackElo "1967"]
[PlyCount "0"]
[EventDate "2023.04.07"]
[EventRounds "7"]
[EventCountry "WLS"]

1. e4 {[%clk 01:30:58]} {[%emt 00:00:01]} c5 {[%clk 01:30:54]} {[%emt
00:00:06]} 2. c3 {[%clk 01:31:25]} {[%emt 00:00:03]} d5 {[%clk 01:31:19]}
{[%emt 00:00:04]} 3. exd5 {[%clk 01:31:34]} {[%emt 00:00:22]} Qxd5 {[%clk
01:31:41]} {[%emt 00:00:07]} 4. d4 {[%clk 01:32:03]} {[%emt 00:00:03]} g6
{[%clk 01:31:03]} {[%emt 00:01:08]} 5. Nf3 {[%clk 01:32:20]} {[%emt 00:00:13]}
Bg7 {[%clk 01:30:53]} {[%emt 00:00:39]} 6. Na3 {[%clk 01:32:01]} {[%emt
00:00:50]} cxd4 {[%clk 01:30:38]} {[%emt 00:00:44]} 7. Bc4 {[%clk 01:32:53]}
{[%emt 00:00:08]} Qe4+ {[%clk 01:31:31]} {[%emt 00:00:08]} 8. Be3 {[%clk
01:33:22]} {[%emt 00:00:02]} Nh6 {[%clk 01:30:05]} {[%emt 00:01:56]} 9. cxd4
{[%clk 01:33:41]} {[%emt 00:00:11]} O-O {[%clk 01:23:17]} {[%emt 00:07:17]} 10.
O-O {[%clk 01:34:08]} {[%emt 00:00:03]} b6 {[%clk 01:07:38]} {[%emt 00:16:08]}
11. Re1 {[%clk 01:14:32]} {[%emt 00:20:07]} Nf5 {[%clk 01:00:25]} {[%emt
00:07:43]} 12. Qb3 {[%clk 00:39:20]} {[%emt 00:35:41]} Bb7 {[%clk 00:59:14]}
{[%emt 00:01:41]} 13. Nb5 {[%clk 00:38:49]} {[%emt 00:01:02]} Nc6 {[%clk
00:49:35]} {[%emt 00:10:09]} 14. Bxf7+ {[%clk 00:31:46]} {[%emt 00:07:33]} Kh8
{[%clk 00:45:18]} {[%emt 00:04:46]} 15. Bd5 {[%clk 00:29:42]} {[%emt 00:02:34]}
Ncxd4 {[%clk 00:44:08]} {[%emt 00:01:40]} 16. Bxe4 {[%clk 00:09:29]} {[%emt
00:20:43]} Nxb3 {[%clk 00:44:04]} {[%emt 00:00:34]} 17. Bxb7 {[%clk 00:09:19]}
{[%emt 00:00:40]} Nxa1 {[%clk 00:44:09]} {[%emt 00:00:25]} 18. Bxa8 {[%clk
00:06:44]} {[%emt 00:03:05]} Nc2 {[%clk 00:44:16]} {[%emt 00:00:22]} 19. Re2
{[%clk 00:06:38]} {[%emt 00:00:38]} Ncxe3 {[%clk 00:44:36]} {[%emt 00:00:09]}
20. Be4 {[%clk 00:05:51]} {[%emt 00:01:18]} Nc4 {[%clk 00:43:22]} {[%emt
00:01:43]} 21. Bxf5 {[%clk 00:05:01]} {[%emt 00:01:22]} Rxf5 {[%clk 00:42:23]}
{[%emt 00:01:29]} 22. Nxa7 {[%clk 00:02:39]} {[%emt 00:02:53]} Bxb2 {[%clk
00:38:11]} {[%emt 00:04:41]} 23. Rxe7 {[%clk 00:01:39]} {[%emt 00:01:31]} Ra5
{[%clk 00:38:02]} {[%emt 00:00:38]} 24. h3 {[%clk 00:01:12]} {[%emt 00:00:56]}
Rxa2 {[%emt 00:03:40]}  1/2-1/2